WWE Trivia 5 - Statistics

General Stats
  • This quiz has been taken 412 times
  • The average score is 14 of 37
Answer Stats
Hint Answer % Correct
Who is the Eighth Wonder of the World? Andre the Giant
93%
Who was the first person to win back to back Royal Rumbles? Hulk Hogan
71%
Who has won the most World Championships? Ric Flair
68%
What superstar celebrated his championship win with a live sex scene on RAW? Edge
65%
What two superstars took part in the first Hell in a Cell match? Undertaker
64%
Who suplexed Big Show to collapse the ring on Smackdown? Brock Lesnar
62%
Shawn Michaels
62%
Who is Curtis Axel's father? Mr. Perfect
61%
Who is the Glamazon? Beth Phoenix
58%
What does HHH stand for? Hunter Hearst Helmsley
58%
Who was John Cena's first opponent in the WWE? Kurt Angle
52%
What is the unofficial term for a wrestler who's only there to lose and make someone else look good? Jobber
49%
Which company currently makes WWE's video games? 2K
47%
Who has the most Royal Rumble eliminations? Roman Reigns
46%
What was the Blue Blazer's true identity? Owen Hart
45%
What commentator is proudly from Oklahoma? Jim Ross
42%
What superstar is referred to as the "Whole F-ing Show"? Rob Van Dam
36%
What is the industry preferred name for professional wrestling? Sports Entertainment
32%
Who is the first openly gay professional wrestler? Darren Young
31%
What baseball player did Kane have a famous rivalry with? Pete Rose
31%
What latino wrestler's name translates to "faceless"? Sin Cara
30%
What New York Giants linebacker main-evented Wrestlemania XI against Bam Bam Bigelow? Lawrence Taylor
29%
What is the Diva's equivalent to a Lumberjack match? Lumberjill
28%
Who is the only person to with the Royal Rumble and Money in the Bank in the same year? Alberto Del Rio
27%
What movie star infamously won the WCW World Heavyweight Chamionchip? David Arquette
27%
Who won the final match in WCW history? Sting
26%
What was "Rowdy" Roddy Piper's finisher? Sleeper Hold
25%
What tag team was Umaga part of as Fatu? Headshrinkers
23%
Who attacked Bret Hart at the end of the first King of the Ring tournament? Jerry "The King" Lawler
23%
What reality show did The Miz star in before entering WWE? Real World
23%
Who briefly joined Demolition as the third member? Crush
22%
Before Extreme Championship Wrestling, what did ECW stand for? Eastern Championship Wrestling
22%
Who inspired much of Hulk Hogan's look and character? "Superstar" Billy Graham
19%
Who ended Bruno Sammartino's 8 year championship reign? Ivan Koloff
16%
What was Dude Love's parody of Sweet Chin Music? Sweet Shin Music
15%
What network does Smackdown air on? ScyFy
11%
To showcase his dominance, who forced referees to extend a three count to five when pinning an opponent? King Kong Bundy
10%
No matching quizzes found
Score Distribution
Percent of People with Each Score
Percentile by Number Answered
Your Score History
You have not taken this quiz